[Event "IECG CB.2008.0.00178 email"]
[Site "IECG email"]
[Date "2008.01.11"]
[Round "?"]
[White "Osipov, Anatoly Vladimirovi"]
[Black "Rochow, Stephan"]
[Result "1-0"]
[WhiteElo "1814"]
[BlackElo "1800"]
[PlyCount "33"]
[EventDate "2008.01.11"]
[EventType "tourn (corr)"]
[EventRounds "6"]
[SourceTitle "Corr 2011"]
[Source "ChessBase"]
[SourceDate "2010.08.31"]
[SourceVersion "1"]
[SourceVersionDate "2010.08.31"]
[SourceQuality "1"]

1. e4 e5 2. Nf3 Nf6 3. Nxe5 d6 4. Nf3 Nxe4 5. d3 Nf6 6. Nc3 Nc6 7. d4 Bf5 8. Bd3 Ne4 9. Nxe4 Qe7 10. 0-0 Bxe4 11. Bxe4 0-0-0 12. Bxc6 bxc6 13. Qd3 Re8 14. Qa6+ Kb8 15. Qxc6 Qd8 16. Rd1 Be7 17. Rd3 1-0

[Event "IECG CB.2007.0.00176 email"]
[Site "IECG email"]
[Date "2007.11.04"]
[Round "?"]
[White "Lorenzo, Alfredo"]
[Black "Rochow, Stephan"]
[Result "1/2-1/2"]
[WhiteElo "1820"]
[BlackElo "1800"]
[PlyCount "47"]
[EventDate "2007.11.04"]
[EventType "tourn (corr)"]
[EventRounds "6"]
[SourceTitle "Corr 2024"]
[Source "ChessBase"]
[SourceDate "2023.10.19"]
[SourceVersion "1"]
[SourceVersionDate "2023.10.19"]
[SourceQuality "1"]

1. e4 e5 2. Nf3 Nf6 3. d4 Nxe4 4. Bd3 d5 5. Nxe5 Nd7 6. Nxd7 Bxd7 7. 0-0 Qh4 8. c4 0-0-0 9. c5 g5 10. Nc3 Bg7 11. g3 Qh3 12. Nxe4 dxe4 13. Bxe4 Bb5 14. Bg2 Qf5 15. Qb3 c6 16. Re1 Bxd4 17. Be3 Be5 18. a4 Ba6 19. Rad1 h5 20. Bc1 g4 21. Be4 Qf6 22. Rxd8+ Rxd8 23. Qc2 Bc7 24. b4 1/2-1/2

[Event "IECG CB.2007.0.00176 email"]
[Site "IECG email"]
[Date "2007.11.04"]
[Round "?"]
[White "Rochow, Stephan"]
[Black "Bourgoin, Claude"]
[Result "1/2-1/2"]
[WhiteElo "1800"]
[BlackElo "1904"]
[PlyCount "80"]
[EventDate "2007.11.04"]
[EventType "tourn (corr)"]
[EventRounds "6"]
[SourceTitle "Corr 2024"]
[Source "ChessBase"]
[SourceDate "2023.10.19"]
[SourceVersion "1"]
[SourceVersionDate "2023.10.19"]
[SourceQuality "1"]

1. f4 Nf6 2. Nf3 d5 3. e3 e6 4. b3 Be7 5. Bb2 0-0 6. Be2 b6 7. 0-0 Bb7 8. Ne5 c5 9. d3 Nfd7 10. Nxd7 Nxd7 11. Bf3 Bf6 12. Bxf6 Qxf6 13. Nd2 Rad8 14. c4 Nb8 15. Qe2 Nc6 16. a3 a5 17. Rab1 Rd7 18. Bg4 Rfd8 19. Qf2 dxc4 20. Nxc4 Rxd3 21. Be2 Rc3 22. Nxb6 Ne7 23. Rfc1 Rxc1+ 24. Rxc1 Qb2 25. Qe1 Qxa3 26. Rd1 Rb8 27. Nc4 Qb4 28. Nxa5 Qxe1+ 29. Rxe1 Bd5 30. Rc1 Nf5 31. Rxc5 Nxe3 32. Kf2 Nxg2 33. Rxd5 exd5 34. Kxg2 Kf8 35. Bf3 Rb6 36. Kf2 g6 37. h3 Kg7 38. Be2 Kf6 39. Ke3 Ke6 40. Kd4 Rb4+ 1/2-1/2

[Event "IECG CB.2007.0.00176 email"]
[Site "IECG email"]
[Date "2007.11.04"]
[Round "?"]
[White "Stilman, Eduardo"]
[Black "Rochow, Stephan"]
[Result "1/2-1/2"]
[WhiteElo "1956"]
[BlackElo "1800"]
[PlyCount "33"]
[EventDate "2007.11.04"]
[EventType "tourn (corr)"]
[EventRounds "6"]
[SourceTitle "Corr 2024"]
[Source "ChessBase"]
[SourceDate "2023.10.19"]
[SourceVersion "1"]
[SourceVersionDate "2023.10.19"]
[SourceQuality "1"]

1. e4 e5 2. Bc4 Nf6 3. d3 Nc6 4. Nc3 Na5 5. Nge2 Nxc4 6. dxc4 d6 7. 0-0 Be7 8. Qd3 0-0 9. Nd5 Nxd5 10. cxd5 f5 11. f4 fxe4 12. Qxe4 Bf5 13. Qc4 Bf6 14. Ng3 Bg6 15. c3 Bf7 16. Qb5 a6 17. Qxb7 1/2-1/2